| 000 | 01093nam a22002897a 4500 | ||
|---|---|---|---|
| 003 | dpl | ||
| 005 | 20240903144105.0 | ||
| 008 | 231221b |||||||| |||| 00| 0 eng d | ||
| 010 | _aENG-141569 | ||
| 020 |
_a9788181820334 _c4800.00 |
||
| 035 | _aEN-125101 | ||
| 037 | _bDBAD | ||
| 040 | _c0 | ||
| 082 | _a915.49604 | ||
| 100 | _970408 | ||
| 245 |
_aAnnotated Bibliography on Himalaya: _bPhysical Science/ _cEdited By Yoginder Verma...etal |
||
| 260 |
_aShimla _bInstitute of Integrated Himalayan Studies _c2007 |
||
| 270 |
_aHimachal Pradesh University _bShimla _cShimla _dIndia |
||
| 300 |
_a361p. _c24cm(hb) |
||
| 440 | _vVol 3 | ||
| 700 |
_970876 _aVerma, Yoginder _eEditor |
||
| 700 |
_aSantvan, Virender K. _eEditor _970912 |
||
| 700 |
_aAttri, Pawan K. _eEditor _970913 |
||
| 700 |
_aGupta, Pankaj _eEditor _970914 |
||
| 942 |
_cEN _h915.49604 _mANN _2ddc |
||
| 999 |
_c205495 _d205495 |
||